Responses for Show #369 - Thursday, February 6, 1986

Paul Rouffa game 3.

Contestants

[<< previous game]

Buff McKinley, a freelance photographer from Venice, California

George Strine, a writer and a former private investigator originally from New Philadelphia, Ohio

Paul Rouffa, an actor from Forest Park, Illinois (whose 2-day cash winnings total $16,601)

[next game >>]

Jeopardy! Round responses

DOCTORS
BRAZIL
ODDS & ENDS
STORMS
TELEVISION
"F" WORDS
    $100 8
the Hippocratic Oath

Paul
    $100 1
(Paul [to start the game]: Let's put it out of its misery right away. Brazil for $100.)

food

George
    $100 14
the bottom of the ocean

George
    $100 26
bells

Buff
    $100 2
Roots

George
    $100 7
fuss (fidget, or fiddle)

George
    $200 13
(Buff: What is a roentgenologist...)
(Alex: No.)
(Buff: Radiol...oops.)
Paul: What is a radiologist?)
(Alex: Yes. You should thank Buff for that, by the way.)
...
[After the break, Buff is given credit for "roentgenologist".]

a roentgenologist or a radiologist

PaulBuff
    $200 22
the 20th century

Buff
    $200 15
(Paul: What is Miss World?)

Miss Universe

PaulBuff
    $200 27
a cyclone (or a tornado)

Buff
    $200 3
Laugh-In

George
    $200 9
a filament

Paul
    $300 19
(Alex: Shows you how many viewers NBC has in the morning. [*].)

Dr. Art Ulene

Triple Stumper
    $300 23
Brasilia

Paul
    $300 16
steel

Buff
    $300 28
[The end-of-round signal sounds.]

counterclockwise

Buff
    $300 4
Knight Rider

Buff
    $300 10
flame

Paul
    $400 20
a tourniquet

Paul
    $400 24
São Paulo

Paul
    $400 17
(George: What is a chipmunk?)
(What is a gerbil?)

a hamster

PaulGeorge
Triple Stumper
    $400 5
Family Ties

Paul
    $400 11
[Paul's correct response elicits a smile, and some giggling from the audience.]

flirt

Paul
    $500 21
(Paul: Who is Denton Cooley?)

William DeVries

Paul
    $500 25
The Emerald Forest

Triple Stumper
    $500 18
(George: What is 14?)
(Buff: What is 16?)
(Paul: What is 15?)
...
(Alex: If you'd have gone a bit younger: What is [*], in the states of Kansas, New Jersey, South Carolina, & Rhode Island. With parental consent.)

12

PaulGeorgeBuff
Triple Stumper
    $500 6
(Buff: Who is Sid Caesar?)

Steve Allen

PaulBuff
    $500 12
(Buff: What is false?)

a foray

Buff
Triple Stumper

Scores at the first commercial break (after clue 15):

Paul George Buff
$1,900 $600 -$300

Scores at the end of the Jeopardy! Round:

Paul George Buff
$1,600 -$300 $300

Double Jeopardy! Round responses

FICTIONAL HEROINES
PLANTS
CHRISTMAS CAROLS
(Alex: Though it's not the right season.)
U.S. HISTORY
FASHION
SPORTS TRIVIA
    $200 11
Little Women

George
    $200 12
Fuchsia

Paul
    $200 6
Mary Todd Lincoln

Paul
    $200 24
Athens

George
    $200 1
gloves

Buff
    $400 13
War & Peace

Paul
    $400 17
thaw

Buff
    $400 7
Paris

George
    $400 28
(George: What is a brooch?)
...
[The end-of-round signal sounds.]

a locket

GeorgeBuff
    $400 2
John Riggins

Buff
    $600 14
(Buff: What is the Curiosity Shop?)
(Alex: Be more...)
(Buff: [*].)

The Old Curiosity Shop

Buff
    $600 18
nicotine

Buff
    $1,000 21
(Alex: Jose Feliciano was the performer.)

"Feliz Navidad"

George
    $600 8
(George: What is the Soviet Union, or Russia?)

Great Britain

George
Triple Stumper
    $600 27
(Buff: What is a pleat?)
(Alex: Be more specific.)
(Buff: [no answer].)

a kick pleat

Buff
Triple Stumper
    $600 3
the epee, the foil, & the saber

Triple Stumper
    $800 15
Jane Eyre

Paul
    $800 19
wash your hands

Buff
    $800 23
a birthday party

Triple Stumper
    $1,000 9
New Mexico

George
    $800 26
a bustle

Buff
    $800 4
thoroughbreds

Paul
    $1000 16
Molly Bloom

Paul
    $1000 20
photosynthesis

George
    $1000 22
"The Christmas Song"

Paul
    $1000 10
George Wallace

Paul
    $1000 25
Genoa

Triple Stumper
    $1000 5
(George: What is soccer?)
(Buff: What is cricket?)

polo

GeorgeBuff
Triple Stumper

Scores at the end of the Double Jeopardy! Round:

Paul George Buff
$7,000 $1,500 $2,900
(lock game)

[wagering suggestions for these scores]

Final Jeopardy! Round responses

PRESIDENTS
GeorgeWho is Gerald Ford?
$1,500
BuffWho is Richard Nixon
$1,399
PaulWho is Gerald Ford?
$1,199
Gerald Ford

Final scores:

Paul George Buff
$8,199 $3,000 $1,501
3-day champion: $24,800 2nd place: four days at Holiday Lodge 3rd place: Skyway luggage

Game dynamics:

Coryat scores:

Paul George Buff
$7,500 $900 $2,900
18 R,
4 W
(including 1 DD)
11 R
(including 2 DDs),
5 W
16 R,
5 W

Combined Coryat: $11,300

[game clues] [game scores] [suggest correction]

Game tape date: 1985-09-30
The J! Archive is created by fans, for fans. Scraping, republication, monetization, and malicious use prohibited; this site may use cookies and collect identifying information. See terms. The Jeopardy! game show and all elements thereof, including but not limited to copyright and trademark thereto, are the property of Jeopardy Productions, Inc. and are protected under law. This website is not affiliated with, sponsored by, or operated by Jeopardy Productions, Inc. Join the discussion at JBoard.tv.